000 00860 a2200217 4500
001 48819
005 20260407155754.0
008 260407a1997 arg spa d
003 AR-UNSa-BCEJYS
040 _aAR-UNSa-BCEJYS
_bspa
_cAR-UNSa-BCEJYS
080 _a37-053.81
_xAdultos jóvenes y educación
245 1 0 _aEl valor de educar
020 _a950-9122-45-9
264 1 _aBarcelona :
_bEdiciones Ariel
_c1997
300 _a222 p.
_c21 cm.
505 _a1. El aprendizaje humano - 2. Los contenidos de la enseñanza - 3. El eclipse de la familia - 4. La disciplina de la libertad - 5. ¿Hacia una humanidad sin humanidades? - 6. Educar es universalizar.
942 _cBK
590 _aniveau_biblio:m niveau_hierar:0
100 1 _aSavater, Fernando
856 4 1 _uhttps://biblioeco.unsa.edu.ar/pmb/images/libros/L128718.jpg
_yImagen de portada
_qimage/jpeg
999 _c4741
_d4741